LEADER 00731nam0-22002771i-450- 001 990004454430403321 005 19990530 035 $a000445443 035 $aFED01000445443 035 $a(Aleph)000445443FED01 035 $a000445443 100 $a19990530d1935----km-y0itay50------ba 101 0 $aita 105 $ay-------001yy 200 1 $a<>talmud$fA. Cohen$gtraduzione di Alfredo Toaff 210 $aBari$cGius. Laterza$d1935 215 $aXVI, 479 p.$d19 cm 700 1$aCohen,$bA.$045805 702 1$aToaff,$bAlfredo 801 0$aIT$bUNINA$gRICA$2UNIMARC 901 $aBK 912 $a990004454430403321 952 $a6/ III D 31$bbibl.13239$fFLFBC 959 $aFLFBC 996 $aTalmud$9544358 997 $aUNINA LEADER 01050nam0-2200361li-450 001 990000152290203316 005 20180312154747.0 010 $a0-471-94243-X 035 $a0015229 035 $aUSA010015229 035 $a(ALEPH)000015229USA01 035 $a0015229 100 $a20001109d1994----km-y0itay0103----ba 101 0 $aeng 102 $aGB 200 1 $aFoundations of fuzzy systems$fR. Kruse, J. Gebhardt and F. Klawonn 210 $aChichester [etc.]$cJohn Wiley & Sons$dcopyr. 1994 610 1 $ateoria degli insiemi 676 $a003.7$9. 700 1$aKruse,$bRudolf$0102093 702 1$aGebhardt,$bJ. 702 1$aKlawonn,$bF. 801 $aSistema bibliotecario di Ateneo dell' Università di Salerno$gRICA 912 $a990000152290203316 951 $a003.7 KRU$b0007418 959 $aBK 969 $aTEC 979 $c19961016 979 $c20001110$lUSA01$h1712 979 $c20020403$lUSA01$h1623 979 $aPATRY$b90$c20040406$lUSA01$h1611 996 $aFoundations of fuzzy systems$91501407 997 $aUNISA LEADER 01992nam 2200577 a 450 001 9910453852103321 005 20210113141217.0 010 $a1-282-16077-X 010 $a9786612160776 010 $a90-272-9598-0 035 $a(CKB)1000000000552783 035 $a(OCoLC)55663730 035 $a(CaPaEBR)ebrary10046619 035 $a(SSID)ssj0000276637 035 $a(PQKBManifestationID)11954817 035 $a(PQKBTitleCode)TC0000276637 035 $a(PQKBWorkID)10226755 035 $a(PQKB)10443760 035 $a(MiAaPQ)EBC622206 035 $a(EXLCZ)991000000000552783 100 $a20150424d2003 uy| 0 101 0 $aeng 135 $aur|||---||||| 181 $ctxt$2rdacontent 182 $cc$2rdamedia 183 $acr$2rdacarrier 200 14$aThe Acquisition of the DP in Modern Greek$b[electronic resource] /$fTheodoros Marinis 210 $aPhiladelphia, PA, USA $cJohn Benjamins Publishing Company$d2003 210 $cJohn Benjamins Publishing Company 215 $a1 online resource (275 p.) 225 1 $aLanguage acquisition & language disorders,$x0925-0123 ;$vv. 31 300 $aBibliographic Level Mode of Issuance: Monograph 311 $a1-58811-450-3 311 $a90-272-2500-1 320 $aIncludes bibliographical references (pages 227-237) and index. 410 0$aLanguage acquisition & language disorders ;$vv. 31. 606 $aLANGUAGE ARTS & DISCIPLINES$2bisac 606 $aGreek language, Modern$xDeterminers 606 $aGreek language, Modern$xNoun phrase 606 $aLinguistics / General$2bisac 615 7$aLANGUAGE ARTS & DISCIPLINES 615 0$aGreek language, Modern$xDeterminers. 615 0$aGreek language, Modern$xNoun phrase. 615 7$aLinguistics / General 700 $aMarinis$b Theodoros$0993097 801 0$bPQKB 801 2$bAzTeS 906 $aBOOK 912 $a9910453852103321 996 $aThe Acquisition of the DP in Modern Greek$92274054 997 $aUNINA